[Event "Benidorm 2013 - Torneo sub2000"]
[Site "Benidorm ESP"]
[Date "2013.12.02"]
[Round "5.10"]
[White "Wlogalski, Olivier"]
[Black "Stoyanov, Svetlomir"]
[Result "0-1"]
[WhiteElo "1921"]
[BlackElo "1962"]
[PlyCount "96"]
[EventDate "2013.11.29"]
[EventRounds "10"]
[EventCountry "ESP"]
[Source "lmi"]
[SourceDate "2013.11.29"]

1. d4 Nf6 2. c4 Nc6 3. Nf3 e6 4. e3 Bb4+ 5. Bd2 Qe7 6. Bd3 O-O 7. a3 Bxd2+ 8.
Qxd2 a5 9. b3 d6 10. O-O e5 11. d5 Nb8 12. e4 Nbd7 13. Nc3 Nc5 14. Bc2 Nh5 15.
b4 Na6 16. Rfb1 Nf4 17. Ne2 Nxe2+ 18. Qxe2 g6 19. Qe3 f5 20. exf5 gxf5 21. Qg5+
Qxg5 22. Nxg5 Bd7 23. Nf3 Kg7 24. Nd2 Kf6 25. Rb2 Rg8 26. Nb1 Rg4 27. Bd3 Rag8
28. g3 h5 29. Nc3 h4 30. Rab1 Rd4 31. Bf1 f4 32. Nb5 Bxb5 33. cxb5 Nb8 34. bxa5
Ra4 35. b6 c5 36. a6 Nxa6 37. Bxa6 Rxa6 38. Rb3 e4 39. Kf1 hxg3 40. fxg3 fxg3
41. hxg3 Ke5 42. Rd1 Rga8 43. Kg2 Rxa3 44. Rbb1 Rg8 45. Ra1 Raxg3+ 46. Kf1 Rf3+
47. Ke1 Rg1+ 48. Kd2 Rxd1+ 0-1

[Event "Benidorm 2013 - Torneo sub2000"]
[Site "Benidorm ESP"]
[Date "2013.12.02"]
[Round "5.11"]
[White "Moya Mallafre, Erik"]
[Black "Esquerdo Nogueroles, Gaspar"]
[Result "1/2-1/2"]
[WhiteElo "1959"]
[BlackElo "1938"]
[PlyCount "110"]
[EventDate "2013.11.29"]
[EventRounds "10"]
[EventCountry "ESP"]
[Source "lmi"]
[SourceDate "2013.11.29"]

1. Nf3 Nf6 2. d4 e6 3. c4 d5 4. g3 c6 5. Bg2 Be7 6. O-O O-O 7. Qc2 Ne4 8. Nbd2
f5 9. Ne5 Nd7 10. Ndf3 Nxe5 11. Nxe5 Bd7 12. f3 Nf6 13. b3 Rc8 14. c5 Be8 15.
Bb2 Nd7 16. Nd3 g5 17. Rae1 Bg6 18. Qd2 Rf7 19. e4 fxe4 20. fxe4 Rxf1+ 21. Kxf1
Nf6 22. Qxg5 Nxe4 23. Qg4 Qf8+ 24. Kg1 Qf5 25. Qe2 Rf8 26. Nf4 Bg5 27. Bxe4
dxe4 28. Nxg6 hxg6 29. Qxe4 Qf2+ 30. Kh1 Rf6 31. Qe2 Qf5 32. d5 Qxd5+ 33. Qg2
Rf2 34. Qxd5 exd5 35. Bd4 Rxa2 36. Re8+ Kf7 37. Rb8 b6 38. cxb6 axb6 39. Rxb6
Rc2 40. b4 Rc4 41. Bc5 Bf6 42. Rxc6 Bd4 43. Kg2 Rc3 44. Kh3 Rc4 45. Kg2 g5 46.
Kf3 g4+ 47. Ke2 Bg1 48. Kd3 Bxh2 49. Rd6 Bxg3 50. Rxd5 Rf4 51. b5 Rf3+ 52. Ke4
Ke6 53. Rg5 Rb3 54. Rg6+ Kf7 55. Rxg4 Rxb5 1/2-1/2

[Event "Benidorm 2013 - Torneo sub2000"]
[Site "Benidorm ESP"]
[Date "2013.12.02"]
[Round "5.12"]
[White "Cebrian Flores, Juan Antonio"]
[Black "Larranaga Aldalur, Jose Joaqui"]
[Result "1-0"]
[WhiteElo "1955"]
[BlackElo "1902"]
[PlyCount "75"]
[EventDate "2013.11.29"]
[EventRounds "10"]
[EventCountry "ESP"]
[Source "lmi"]
[SourceDate "2013.11.29"]

1. e4 e5 2. Nf3 d5 3. exd5 e4 4. Qe2 Nf6 5. Nc3 Be7 6. Nxe4 O-O 7. d3 Bf5 8.
Ng3 Bg6 9. Qd1 Re8 10. Be2 Nxd5 11. O-O Bf6 12. c4 Nb4 13. Qb3 a5 14. a3 N4c6
15. Be3 Nd7 16. d4 a4 17. Qd1 Nb6 18. c5 Nd5 19. Bc1 h5 20. Re1 h4 21. Nf1 Bh5
22. Be3 h3 23. g3 Qd7 24. Ne5 Nxe5 25. Bxh5 Nc4 26. Bf3 Rad8 27. Qc2 b5 28.
cxb6 Ncxb6 29. Rac1 Qb5 30. Qf5 Qxb2 31. Qxh3 Qxa3 32. Ra1 Qb4 33. g4 Bxd4 34.
Rab1 Qc4 35. Rbc1 Qb4 36. Bd2 Qd6 37. Be4 Nf6 38. Bb1 1-0

[Event "Benidorm 2013 - Torneo sub2000"]
[Site "Benidorm ESP"]
[Date "2013.12.02"]
[Round "5.13"]
[White "Pol Guiscafre, David"]
[Black "Fernandez Garcia, Ignacio"]
[Result "1-0"]
[WhiteElo "1997"]
[BlackElo "1893"]
[PlyCount "47"]
[EventDate "2013.11.29"]
[EventRounds "10"]
[EventCountry "ESP"]
[Source "lmi"]
[SourceDate "2013.11.29"]

1. e4 d6 2. d4 c6 3. f4 Nf6 4. Nc3 e5 5. dxe5 Ng4 6. Be2 Nh6 7. Nf3 Qb6 8. exd6
Qd8 9. e5 g6 10. h3 Nf5 11. g4 Ng3 12. Rg1 Nxe2 13. Qxe2 h5 14. Ne4 Bg7 15.
Nf6+ Kf8 16. Bd2 Be6 17. Ng5 Bxf6 18. Nxe6+ fxe6 19. exf6 Kf7 20. O-O-O Qxd6
21. gxh5 Rxh5 22. Rxg6 Rd5 23. Rg7+ Kf8 24. Qg4 1-0

[Event "Benidorm 2013 - Torneo sub2000"]
[Site "Benidorm ESP"]
[Date "2013.12.02"]
[Round "5.14"]
[White "Thomson, Neil"]
[Black "Stefanov, Evtim"]
[Result "1/2-1/2"]
[WhiteElo "1900"]
[BlackElo "1998"]
[PlyCount "127"]
[EventDate "2013.11.29"]
[EventRounds "10"]
[EventCountry "ESP"]
[Source "lmi"]
[SourceDate "2013.11.29"]

1. e4 c5 2. Nf3 e6 3. d4 cxd4 4. Nxd4 a6 5. Nc3 Qc7 6. Bd3 Nf6 7. f4 d6 8. O-O
Be7 9. Kh1 b5 10. Bd2 Bb7 11. Qe2 Nbd7 12. a4 bxa4 13. Rxa4 Nc5 14. Raa1 O-O
15. b4 Nxd3 16. cxd3 Rfd8 17. Nb3 Ne8 18. Rfc1 Qd7 19. Na4 Rac8 20. Bc3 Rb8 21.
Qe3 Nf6 22. h3 h6 23. Rc2 Qe8 24. Na5 Ba8 25. Nb3 e5 26. fxe5 dxe5 27. Nac5
Bxc5 28. Nxc5 Bb7 29. Nxa6 Bxa6 30. Rxa6 Qb5 31. Ra5 Qxd3 32. Qxd3 Rxd3 33.
Rxe5 Rc8 34. Rc5 Rxc5 35. bxc5 Nxe4 36. Be5 Rd5 37. c6 Rxe5 38. c7 Nd6 39.
c8=Q+ Nxc8 40. Rxc8+ Kh7 41. Kh2 Re3 42. Rc6 g6 43. Ra6 Kg7 44. h4 g5 45. hxg5
hxg5 46. g4 f6 47. Kg2 Kf7 48. Kf2 Rd3 49. Rb6 Ke7 50. Ra6 Rd6 51. Ra3 f5 52.
gxf5 Kf6 53. Ra5 Rd4 54. Kg3 Rf4 55. Rb5 Kg7 56. Ra5 Kh6 57. Ra6+ Kh5 58. f6
Rf5 59. Rb6 g4 60. Rb3 Kg5 61. f7 Rxf7 62. Rb5+ Rf5 63. Rxf5+ Kxf5 64. Kg2
1/2-1/2

[Event "Benidorm 2013 - Torneo sub2000"]
[Site "Benidorm ESP"]
[Date "2013.12.02"]
[Round "5.15"]
[White "Urios Hernandez, Ramon"]
[Black "Botelho, Luis Miguel Rodrigu"]
[Result "0-1"]
[WhiteElo "1896"]
[BlackElo "1996"]
[PlyCount "115"]
[EventDate "2013.11.29"]
[EventRounds "10"]
[EventCountry "ESP"]
[Source "lmi"]
[SourceDate "2013.11.29"]

1. e4 c5 2. Nf3 g6 3. d4 cxd4 4. Nxd4 Nc6 5. c4 Nf6 6. Nc3 d6 7. Be2 Nxd4 8.
Qxd4 Bg7 9. Be3 O-O 10. Qd2 Be6 11. Rc1 a5 12. b3 Nd7 13. O-O Nc5 14. f3 Qb6
15. Nd5 Bxd5 16. cxd5 Rfc8 17. Rc4 Qd8 18. Rc2 h5 19. Rfc1 b6 20. Bb5 Kh7 21.
Rc4 Qf8 22. R1c2 Bh6 23. Bxh6 Qxh6 24. Qxh6+ Kxh6 25. R4c3 Rf8 26. a3 a4 27. b4
Nb3 28. Bxa4 Nd4 29. Rd2 Nxf3+ 30. Rxf3 Rxa4 31. Rc2 Ra7 32. Rc6 Kg7 33. Rxb6
Rfa8 34. Kf2 Rxa3 35. Rxa3 Rxa3 36. Rb7 Kf6 37. b5 e6 38. dxe6 fxe6 39. b6 Rb3
40. Rb8 Ke5 41. b7 g5 42. Rg8 Rxb7 43. Rxg5+ Kxe4 44. Rxh5 Rb2+ 45. Kf1 d5 46.
Rh4+ Ke3 47. Rh3+ Kf4 48. Rh4+ Kg5 49. Rd4 Kf5 50. h4 Ke5 51. Ra4 d4 52. h5 Ke4
53. h6 Ke3 54. Kg1 d3 55. Ra8 d2 56. Rd8 Rb1+ 57. Kh2 d1=Q 58. Rd2 0-1

[Event "Benidorm 2013 - Torneo sub2000"]
[Site "Benidorm ESP"]
[Date "2013.12.02"]
[Round "5.18"]
[White "Trabazos Gallego, Javier"]
[Black "Riera Morilla, Elizabeth"]
[Result "1/2-1/2"]
[WhiteElo "1881"]
[BlackElo "1982"]
[PlyCount "50"]
[EventDate "2013.11.29"]
[EventRounds "10"]
[EventCountry "ESP"]
[Source "lmi"]
[SourceDate "2013.11.29"]

1. e4 d5 2. exd5 Qxd5 3. d4 Nc6 4. Nf3 Bg4 5. Be2 O-O-O 6. Nc3 Qh5 7. Be3 e5 8.
Ng1 Bxe2 9. Ncxe2 f5 10. f4 Nf6 11. Nf3 Ng4 12. Bg1 exd4 13. Ng3 Bb4+ 14. Kf1
Qf7 15. Qd3 g6 16. a3 Ba5 17. b4 Bb6 18. h4 Rhe8 19. h5 Ne3+ 20. Bxe3 Rxe3 21.
Qd2 Qc4+ 22. Kg1 d3 23. Kh2 dxc2 24. Qc1 Qxf4 25. Qxc2 Rxf3 1/2-1/2

[Event "Benidorm 2013 - Torneo sub2000"]
[Site "Benidorm ESP"]
[Date "2013.12.02"]
[Round "5.20"]
[White "Gillespie, Gary"]
[Black "Cid Garcia, Ramon"]
[Result "1/2-1/2"]
[WhiteElo "1877"]
[BlackElo "1971"]
[PlyCount "49"]
[EventDate "2013.11.29"]
[EventRounds "10"]
[EventCountry "ESP"]
[Source "lmi"]
[SourceDate "2013.11.29"]

1. e4 c5 2. c3 Nf6 3. e5 Nd5 4. Nf3 d6 5. d4 cxd4 6. cxd4 Nc6 7. exd6 Qxd6 8.
Nc3 Nxc3 9. bxc3 Bg4 10. Be2 e6 11. O-O Be7 12. Be3 O-O 13. Qd2 Bxf3 14. Bxf3
Rfd8 15. Rfd1 Na5 16. Bf4 Qd7 17. Rab1 Rac8 18. Qc2 b6 19. Be4 g6 20. Bd3 Nc4
21. Qe2 Na5 22. Qc2 Qc6 23. Qe2 Nc4 24. Be4 Qd7 25. Bd3 1/2-1/2

[Event "Benidorm 2013 - Torneo sub2000"]
[Site "Benidorm ESP"]
[Date "2013.12.02"]
[Round "5.26"]
[White "Busto Prendes, Abel"]
[Black "Lopez Diaz, Rafael"]
[Result "1/2-1/2"]
[WhiteElo "1954"]
[BlackElo "1838"]
[PlyCount "37"]
[EventDate "2013.11.29"]
[EventRounds "10"]
[EventCountry "ESP"]
[Source "lmi"]
[SourceDate "2013.11.29"]

1. e4 Nf6 2. Nc3 d5 3. exd5 Nxd5 4. Bc4 Nxc3 5. bxc3 e6 6. Qg4 Nd7 7. d4 Nf6 8.
Qg3 Bd6 9. Qxg7 Rg8 10. Qh6 Rxg2 11. Bg5 Be7 12. Bxf6 Bxf6 13. Qxh7 Bxd4 14.
Qh3 Bxf2+ 15. Kf1 Rxg1+ 16. Rxg1 Bxg1 17. Qh8+ Ke7 18. Qh4+ Ke8 19. Qh8+
1/2-1/2

[Event "Benidorm 2013 - Torneo sub2000"]
[Site "Benidorm ESP"]
[Date "2013.12.02"]
[Round "5.31"]
[White "Navarro Sancho, Rafael"]
[Black "Castrillon Otero, Javier"]
[Result "0-1"]
[WhiteElo "1808"]
[BlackElo "1929"]
[PlyCount "60"]
[EventDate "2013.11.29"]
[EventRounds "10"]
[EventCountry "ESP"]
[Source "lmi"]
[SourceDate "2013.11.29"]

1. e4 c5 2. Nf3 e6 3. d4 cxd4 4. Nxd4 a6 5. Bd3 Qc7 6. Qe2 d6 7. Nc3 Be7 8. O-O
Nd7 9. Be3 Ngf6 10. a4 O-O 11. Nb3 Ne5 12. f3 Bd7 13. a5 Rac8 14. Bb6 Qb8 15.
Rad1 Rfe8 16. f4 Nxd3 17. Rxd3 Rxc3 18. Rxc3 Bb5 19. Qf3 Bxf1 20. Kxf1 d5 21.
Nd2 Bb4 22. Bd4 Bxc3 23. Bxc3 dxe4 24. Qg3 Nh5 25. Qg5 Qxf4+ 26. Qxf4 Nxf4 27.
Nxe4 Rd8 28. Be5 Rd1+ 29. Kf2 Nxg2 30. Kxg2 Re1 0-1

[Event "Benidorm 2013 - Torneo sub2000"]
[Site "Benidorm ESP"]
[Date "2013.12.02"]
[Round "5.33"]
[White "Perez Pardo, Adrian Jason"]
[Black "Gonzalez Capacete, Jose Miguel"]
[Result "1/2-1/2"]
[WhiteElo "1799"]
[BlackElo "1922"]
[PlyCount "71"]
[EventDate "2013.11.29"]
[EventRounds "10"]
[EventCountry "ESP"]
[Source "lmi"]
[SourceDate "2013.11.29"]

1. e4 e6 2. d4 d5 3. Nc3 Nf6 4. Bg5 Be7 5. e5 Nfd7 6. Bxe7 Qxe7 7. f4 a6 8. Nf3
Nb6 9. Bd3 Bd7 10. Qd2 c5 11. Qf2 c4 12. Be2 Qb4 13. Qe3 Na4 14. O-O b5 15.
Nxa4 Qxa4 16. c3 Nc6 17. Bd1 Qa5 18. Nh4 g6 19. Bg4 h5 20. Bh3 b4 21. Nf3 Rb8
22. Rfb1 Ke7 23. Nd2 Rb7 24. g3 Rhb8 25. Bf1 bxc3 26. bxc3 Rb2 27. Rxb2 Rxb2
28. a3 Na7 29. f5 exf5 30. Qg5+ Kf8 31. Qf6 Kg8 32. Nxc4 dxc4 33. Bxc4 Be8 34.
Qxg6+ Kf8 35. Qd6+ Kg8 36. Qg6+ 1/2-1/2

[Event "Benidorm 2013 - Torneo sub2000"]
[Site "Benidorm ESP"]
[Date "2013.12.02"]
[Round "5.39"]
[White "Buenafe Moya, Jesus"]
[Black "Turcheniac, Mariya"]
[Result "0-1"]
[WhiteElo "1865"]
[BlackElo "1998"]
[PlyCount "38"]
[EventDate "2013.11.29"]
[EventRounds "10"]
[EventCountry "ESP"]
[Source "lmi"]
[SourceDate "2013.11.29"]

1. d4 Nf6 2. Nf3 g6 3. Bg5 Bg7 4. c3 d6 5. Nbd2 Nbd7 6. e4 e5 7. Qc2 O-O 8. h3
Qe8 9. Bc4 exd4 10. Nxd4 d5 11. Bb3 a6 12. O-O c5 13. Rfe1 cxd4 14. exd5 Qd8
15. cxd4 Nb6 16. Ne4 Bf5 17. g4 Bxe4 18. Rxe4 Qd7 19. d6 Nxe4 0-1

[Event "Benidorm 2013 - Torneo sub2000"]
[Site "Benidorm ESP"]
[Date "2013.12.02"]
[Round "5.47"]
[White "Haddad Filho, Paulo Ibrahim"]
[Black "Puig Carres, Josep"]
[Result "1-0"]
[WhiteElo "1940"]
[BlackElo "1810"]
[PlyCount "45"]
[EventDate "2013.11.29"]
[EventRounds "10"]
[EventCountry "ESP"]
[Source "lmi"]
[SourceDate "2013.11.29"]

1. d4 d5 2. Nf3 Nc6 3. Bf4 Nf6 4. c4 dxc4 5. Nc3 Nd5 6. Bg3 a6 7. e4 Nxc3 8.
bxc3 b5 9. Be2 Bg4 10. O-O e6 11. Qc2 Be7 12. Rfd1 Qc8 13. d5 exd5 14. exd5 Bf5
15. Qd2 Nb8 16. Qe3 O-O 17. Nd4 Re8 18. Nxf5 Qxf5 19. Bxc7 Nd7 20. Qg3 Nc5 21.
Bg4 Qg6 22. Qf3 Bd6 23. Bh5 1-0

[Event "Benidorm 2013 - Torneo sub2000"]
[Site "Benidorm ESP"]
[Date "2013.12.02"]
[Round "5.61"]
[White "Zotes Flecha, Luis"]
[Black "Ijurko Erroizena, Jose Angel"]
[Result "1/2-1/2"]
[WhiteElo "1870"]
[BlackElo "1665"]
[PlyCount "56"]
[EventDate "2013.11.29"]
[EventRounds "10"]
[EventCountry "ESP"]
[Source "lmi"]
[SourceDate "2013.11.29"]

1. c4 Nf6 2. Nc3 g6 3. e4 d6 4. d3 Bg7 5. f4 Nbd7 6. Nf3 e5 7. Be2 b6 8. O-O
Bb7 9. a4 a5 10. h3 Nh5 11. fxe5 dxe5 12. Kh2 O-O 13. Ng1 Nhf6 14. Be3 Qe7 15.
Qd2 Rad8 16. Rf2 Nc5 17. Qc2 h6 18. Raf1 Bc8 19. Nd5 Nxd5 20. cxd5 Nb7 21. Rc1
Rd7 22. Qd2 Kh7 23. g4 Nd6 24. g5 h5 25. h4 f5 26. Qc2 fxe4 27. Rxf8 Qxf8 28.
dxe4 Rf7 1/2-1/2

[Event "Benidorm 2013 - Torneo sub2000"]
[Site "Benidorm ESP"]
[Date "2013.12.02"]
[Round "5.64"]
[White "Navarro Rico, Lluis"]
[Black "Valarezzo Ricard, Pedro"]
[Result "1-0"]
[WhiteElo "1450"]
[BlackElo "1867"]
[PlyCount "65"]
[EventDate "2013.11.29"]
[EventRounds "10"]
[EventCountry "ESP"]
[Source "lmi"]
[SourceDate "2013.11.29"]

1. c4 e6 2. g3 d5 3. Bg2 Nf6 4. Nf3 Be7 5. O-O O-O 6. cxd5 exd5 7. Qc2 Bf5 8.
Qxf5 g6 9. Qc2 Nc6 10. a3 Re8 11. Nc3 d4 12. Nd1 d3 13. Qxd3 Bd6 14. Ne3 Qe7
15. b4 Rad8 16. Qc2 h5 17. Bb2 Ng4 18. Qc3 Nce5 19. Nxg4 hxg4 20. Nxe5 Bxe5 21.
Qxe5 Qxe5 22. Bxe5 Rxe5 23. e3 Rxd2 24. Bxb7 Rb5 25. Bc8 a5 26. bxa5 Rxa5 27.
Bxg4 f5 28. Bf3 Rd3 29. a4 Rc3 30. Rfc1 Rxa4 31. Rxc3 Rxa1+ 32. Kg2 Ra7 33. e4
1-0

[Event "Benidorm 2013 - Torneo sub2000"]
[Site "Benidorm ESP"]
[Date "2013.12.02"]
[Round "5.75"]
[White "Fernandez Senovilla, Jose E"]
[Black "Reginaldo Huix, Pere"]
[Result "1-0"]
[WhiteElo "1715"]
[BlackElo "1926"]
[PlyCount "48"]
[EventDate "2013.11.29"]
[EventRounds "10"]
[EventCountry "ESP"]
[Source "lmi"]
[SourceDate "2013.11.29"]

1. d4 d5 2. c4 e6 3. Nc3 f5 4. Nf3 c6 5. g3 Bd6 6. Bg2 Nf6 7. O-O Nbd7 8. Ng5
Qe7 9. cxd5 exd5 10. Nh3 O-O 11. Bf4 Ne4 12. Bxd6 Qxd6 13. e3 Qh6 14. Nf4 g5
15. Qh5 Qxh5 16. Nxh5 Kf7 17. Nxe4 dxe4 18. g4 Kg6 19. Ng3 Nf6 20. gxf5+ Bxf5
21. Rac1 h5 22. Rc5 Nd7 23. Rxf5 Rxf5 24. Re1 Ra5 1-0

[Event "Benidorm 2013 - Torneo sub2000"]
[Site "Benidorm ESP"]
[Date "2013.12.02"]
[Round "5.77"]
[White "Vegara Gallego, Pere"]
[Black "Voet, Dirk"]
[Result "1/2-1/2"]
[WhiteElo "1699"]
[BlackElo "1920"]
[PlyCount "39"]
[EventDate "2013.11.29"]
[EventRounds "10"]
[EventCountry "ESP"]
[Source "lmi"]
[SourceDate "2013.11.29"]

1. e4 g6 2. d4 Bg7 3. Nf3 d6 4. Be2 Nd7 5. Nc3 a6 6. a4 b6 7. Be3 Bb7 8. O-O c5
9. d5 Rc8 10. Nd2 e5 11. f4 Ngf6 12. f5 O-O 13. Bg5 Kh8 14. Qe1 Rc7 15. Qh4 Qc8
16. Nc4 Qb8 17. Nxd6 Bc8 18. Rf2 Ra7 19. Nxc8 Qxc8 20. Raf1 1/2-1/2

[Event "Benidorm 2013 - Torneo sub2000"]
[Site "Benidorm ESP"]
[Date "2013.12.02"]
[Round "5.82"]
[White "Tormo Bas, Gonzalo"]
[Black "Diez Jover, Alberto"]
[Result "0-1"]
[WhiteElo "1678"]
[BlackElo "1890"]
[PlyCount "44"]
[EventDate "2013.11.29"]
[EventRounds "10"]
[EventCountry "ESP"]
[Source "lmi"]
[SourceDate "2013.11.29"]

1. d4 d5 2. Nf3 Nf6 3. c4 c6 4. g3 dxc4 5. Bg2 b5 6. O-O e6 7. a4 Bb7 8. Ne5 a6
9. axb5 axb5 10. Rxa8 Bxa8 11. Nc3 Nd5 12. e4 Nb4 13. Be3 Bd6 14. Qa1 N8a6 15.
Nf3 O-O 16. e5 Be7 17. Ne4 c5 18. Nxc5 Nxc5 19. dxc5 Nd3 20. Qa7 Nxb2 21. Rb1
c3 22. Bd4 b4 0-1

[Event "Benidorm 2013 - Torneo sub2000"]
[Site "Benidorm ESP"]
[Date "2013.12.02"]
[Round "5.98"]
[White "Fuset Torralba, Jose Luis"]
[Black "Perez-Seoane Garrido, Joaquin"]
[Result "0-1"]
[WhiteElo "1823"]
[BlackElo "1578"]
[PlyCount "52"]
[EventDate "2013.11.29"]
[EventRounds "10"]
[EventCountry "ESP"]
[Source "lmi"]
[SourceDate "2013.11.29"]

1. c4 e5 2. g3 Bc5 3. Bg2 Nf6 4. Nc3 Nc6 5. e3 d6 6. Nge2 Bg4 7. a3 a6 8. b4
Bb6 9. Bb2 Qd7 10. h3 Bf5 11. d3 Ra7 12. d4 exd4 13. exd4 Ra8 14. c5 dxc5 15.
dxc5 Ba7 16. Qa4 O-O 17. Bxc6 bxc6 18. Qd1 Qe6 19. g4 Rad8 20. Qc1 Bd3 21. Qe3
Qb3 22. Qc1 Rfe8 23. Kf1 Bxe2+ 24. Nxe2 Qf3 25. Ng3 Ne4 26. Rg1 Qxf2# 0-1

[Event "Benidorm 2013 - Torneo sub2000"]
[Site "Benidorm ESP"]
[Date "2013.12.02"]
[Round "5.126"]
[White "Correia, Sandra Ventura"]
[Black "Acebal Muniz, Julio Alberto"]
[Result "1-0"]
[WhiteElo "1761"]
[BlackElo "1593"]
[PlyCount "33"]
[EventDate "2013.11.29"]
[EventRounds "10"]
[EventCountry "ESP"]
[Source "lmi"]
[SourceDate "2013.11.29"]

1. e4 e5 2. Nf3 Nc6 3. d4 exd4 4. Bc4 Bb4+ 5. c3 dxc3 6. bxc3 Qe7 7. cxb4 Qxb4+
8. Nbd2 h6 9. O-O d6 10. Re1 f6 11. Rb1 Qa5 12. Qb3 Nge7 13. Bf7+ Kd8 14. Nc4
Qa6 15. e5 Bf5 16. exd6 Kd7 17. dxe7 1-0

[Event "Benidorm 2013 - Torneo sub2000"]
[Site "Benidorm ESP"]
[Date "2013.12.03"]
[Round "6.1"]
[White "Rizza, Francesco"]
[Black "Hall, Rachid"]
[Result "1-0"]
[WhiteElo "1998"]
[BlackElo "1973"]
[PlyCount "93"]
[EventDate "2013.11.29"]
[EventRounds "10"]
[EventCountry "ESP"]
[Source "lmi"]
[SourceDate "2013.11.29"]

1. Nf3 g6 2. d4 Bg7 3. c4 c5 4. d5 Nf6 5. Nc3 d6 6. g3 Bg4 7. Nd2 O-O 8. Bg2
Qc8 9. O-O Bh3 10. e4 Bxg2 11. Kxg2 e5 12. a3 Nh5 13. Nf3 Nd7 14. Bg5 Ndf6 15.
Qd2 a6 16. Rae1 Qd7 17. b4 b6 18. Rb1 cxb4 19. axb4 Rfc8 20. Qd3 h6 21. Be3 Qc7
22. Na4 Nd7 23. Rfc1 Nhf6 24. c5 b5 25. cxd6 Qxd6 26. Nc5 Ng4 27. Nd2 Nxe3+ 28.
Qxe3 Bf8 29. Ndb3 Nb6 30. Na5 Qf6 31. Ra1 Kh7 32. Qf3 Kg7 33. Qxf6+ Kxf6 34. f4
Bd6 35. Kf3 h5 36. Nab7 Ke7 37. Nxd6 Kxd6 38. Nb7+ Kd7 39. Rxc8 Nxc8 40. fxe5
Kc7 41. Nc5 a5 42. bxa5 g5 43. Ke3 Ne7 44. Rf1 Rxa5 45. Rxf7 Ra3+ 46. Kd4 Kd8
47. Rf8+ 1-0

[Event "Benidorm 2013 - Torneo sub2000"]
[Site "Benidorm ESP"]
[Date "2013.12.03"]
[Round "6.2"]
[White "Sevilla Subiza, Javier"]
[Black "Aliyev, Ravan Azar"]
[Result "0-1"]
[WhiteElo "1971"]
[BlackElo "1956"]
[PlyCount "42"]
[EventDate "2013.11.29"]
[EventRounds "10"]
[EventCountry "ESP"]
[Source "lmi"]
[SourceDate "2013.11.29"]

1. d4 c5 2. d5 e6 3. e4 exd5 4. exd5 d6 5. Nc3 Nf6 6. a4 Be7 7. Bb5+ Bd7 8.
Nge2 Na6 9. O-O Nb4 10. Ng3 O-O 11. Re1 a6 12. Bc4 Re8 13. Bg5 h6 14. Bf4 Bf8
15. Nce4 Nxe4 16. Rxe4 Qf6 17. Rxe8 Rxe8 18. Bc1 Qd4 19. Qf1 Nxc2 20. Be3 Rxe3
21. Rd1 Qxd1 0-1

[Event "Benidorm 2013 - Torneo sub2000"]
[Site "Benidorm ESP"]
[Date "2013.12.03"]
[Round "6.3"]
[White "Gomez Dieguez, Adrian"]
[Black "Cebrian Flores, Juan Antonio"]
[Result "0-1"]
[WhiteElo "1999"]
[BlackElo "1955"]
[PlyCount "110"]
[EventDate "2013.11.29"]
[EventRounds "10"]
[EventCountry "ESP"]
[Source "lmi"]
[SourceDate "2013.11.29"]

1. e4 c5 2. Nf3 d6 3. Nc3 Nf6 4. d4 cxd4 5. Nxd4 g6 6. g3 Bg7 7. Bg2 O-O 8. O-O
Nc6 9. Nde2 Rb8 10. h3 b5 11. Nd5 Nd7 12. c3 a5 13. Rb1 Bb7 14. Nd4 Ba8 15. Be3
h6 16. Qe2 e6 17. Nf4 Nxd4 18. cxd4 Nf6 19. Qd3 Qd7 20. d5 e5 21. Ne2 Nh5 22.
g4 Nf6 23. f4 Ne8 24. fxe5 dxe5 25. Qa3 Nd6 26. Qxa5 f5 27. gxf5 gxf5 28. Bc5
Nb7 29. Qa7 Nxc5 30. Qxc5 Rfc8 31. Qe3 f4 32. Qd3 Qa7+ 33. Kh2 Qxa2 34. Bf3 Qc4
35. Qa3 Qc5 36. b4 Qb6 37. Bg4 Rf8 38. Rf3 Bb7 39. Rg1 Kh8 40. Qb2 Bxd5 41. Bf5
Rxf5 42. exd5 Rg5 43. Qc2 Rxg1 44. Nxg1 Qd4 45. Rd3 Qxb4 46. d6 e4 47. Rd1 f3
48. d7 Rd8 49. Kh1 Qe7 50. Qb1 f2 51. Ne2 Rxd7 52. Rf1 e3 53. Qxb5 Qe4+ 54. Kh2
Be5+ 55. Ng3 Bxg3+ 0-1

[Event "Benidorm 2013 - Torneo sub2000"]
[Site "Benidorm ESP"]
[Date "2013.12.03"]
[Round "6.4"]
[White "Stoyanov, Svetlomir"]
[Black "Gambini, Stephane"]
[Result "0-1"]
[WhiteElo "1962"]
[BlackElo "1975"]
[PlyCount "76"]
[EventDate "2013.11.29"]
[EventRounds "10"]
[EventCountry "ESP"]
[Source "lmi"]
[SourceDate "2013.11.29"]

1. d4 Nf6 2. Bg5 e6 3. c3 Be7 4. e3 b6 5. Nd2 Bb7 6. Ngf3 d5 7. Bd3 Nbd7 8. Ne5
h6 9. Bxf6 gxf6 10. Nef3 f5 11. Ne5 Nxe5 12. dxe5 Rg8 13. Rg1 Qd7 14. a4 a5 15.
Qe2 c5 16. f4 O-O-O 17. Nf3 Kb8 18. Kf2 d4 19. Rgd1 dxe3+ 20. Kf1 Qc6 21. Ba6
Rxd1+ 22. Rxd1 Qxa4 23. Bb5 Qxf4 24. Rd7 Rd8 25. Rxe7 Rd2 26. g3 Qxf3+ 27. Qxf3
Bxf3 28. Re8+ Kc7 29. Re7+ Kc8 30. Re8+ Rd8 31. h3 Rxe8 32. Bxe8 Kd8 33. Bxf7
Ke7 34. Bg6 b5 35. Ke1 b4 36. c4 a4 37. g4 a3 38. gxf5 a2 0-1

[Event "Benidorm 2013 - Torneo sub2000"]
[Site "Benidorm ESP"]
[Date "2013.12.03"]
[Round "6.5"]
[White "Morello Ostos, Domingo"]
[Black "Del Mastro, Marco"]
[Result "0-1"]
[WhiteElo "1998"]
[BlackElo "1944"]
[PlyCount "120"]
[EventDate "2013.11.29"]
[EventRounds "10"]
[EventCountry "ESP"]
[Source "lmi"]
[SourceDate "2013.11.29"]

1. e4 c5 2. Nf3 e6 3. d3 d6 4. g3 Nc6 5. Bg2 Nf6 6. O-O Be7 7. Re1 Qc7 8. c3
O-O 9. Na3 a6 10. Nc4 b5 11. Ne3 Bb7 12. g4 Ne5 13. Nxe5 dxe5 14. g5 Ne8 15.
Qh5 Rd8 16. Bf1 f5 17. gxf6 Nxf6 18. Qh3 Bc8 19. c4 Qd7 20. b3 Qe8 21. Be2 Qf7
22. Rf1 Kh8 23. Bb2 Bd6 24. Kh1 Ne8 25. Ng4 Qf4 26. Bc1 Qf7 27. Bg5 Nf6 28.
Nxf6 gxf6 29. Bh6 Rg8 30. Bh5 Qb7 31. f4 exf4 32. Qh4 Be5 33. Rad1 Bd4 34. Bxf4
bxc4 35. bxc4 Qg7 36. Bf3 Bb7 37. Bh6 Qg6 38. Qh5 f5 39. Qh4 fxe4 40. dxe4 Rd7
41. Rde1 Rf7 42. Bf4 Rgf8 43. Bg2 e5 44. Bg3 Rxf1+ 45. Rxf1 Rxf1+ 46. Bxf1
Qxe4+ 47. Qxe4 Bxe4+ 48. Bg2 Bd3 49. Bd5 Kg7 50. Kg2 Kf6 51. Bf2 Kf5 52. Bg8
Kf4 53. Bd5 Be4+ 54. Kf1 Bd3+ 55. Kg2 Bxf2 56. Kxf2 e4 57. Ke1 e3 58. Bg8 Ke5
59. h4 Kd4 60. a3 h6 0-1

[Event "Benidorm 2013 - Torneo sub2000"]
[Site "Benidorm ESP"]
[Date "2013.12.03"]
[Round "6.6"]
[White "Esquerdo Nogueroles, Gaspar"]
[Black "Pol Guiscafre, David"]
[Result "0-1"]
[WhiteElo "1938"]
[BlackElo "1997"]
[PlyCount "58"]
[EventDate "2013.11.29"]
[EventRounds "10"]
[EventCountry "ESP"]
[Source "lmi"]
[SourceDate "2013.11.29"]

1. c4 e6 2. Nc3 d5 3. e3 c6 4. d4 f5 5. Nf3 Nf6 6. Bd3 Bd6 7. b3 O-O 8. Bb2 Ne4
9. O-O Nd7 10. Ne2 g5 11. Ne5 g4 12. Nf4 Qf6 13. f3 gxf3 14. Qxf3 Nxe5 15. dxe5
Bxe5 16. Nh5 Qh8 17. Bxe4 Bxb2 18. Qg3+ Kf7 19. cxd5 Bxa1 20. Qc7+ Ke8 21. d6
Bd7 22. Qxb7 Rc8 23. Bf3 Qe5 24. Qxa7 Bc3 25. Nf4 Qxd6 26. Bh5+ Ke7 27. Rd1 Rc7
28. Qb6 Qe5 29. Nd3 Qa5 0-1